000 00697nam a2200229 a 4500
005 20191224041516.0
008 140219b1996 ck |||||rm||| 00| 0 spa d
040 _aCO-BoIAVH
_cCO-BoIAVH
041 _aspa
044 _ack
090 _aTE
_b0067
100 _aBayona Rojas, Martín Alonso
245 _aControl biológico-químico de Botrytis cinerea en rosa (L.) en la Calera, Cundinamarca
260 _aBogotá
_bPontificia Universidad Javeriana
_c1996
300 _a101 p.
650 _aControl biológico
650 _aMicrobiología
650 _aHongos
650 _aMicroorganismos
662 _aColombia
_dLa Calera
_bCundinamarca
942 _cTESIS
_2z
999 _c188
_d188